EU FNCS Winners - Statistics

General Stats
  • This quiz has been taken 10 times
  • The average score is 43 of 59
Answer Stats
Season Gamemode Country Year Player % Correct
Chapter 3 Season 2 Duo United Kingdom ๐Ÿ‡ฌ๐Ÿ‡ง 2022 Veno
100%
Chapter 4 Season 2 Duo United Kingdom ๐Ÿ‡ฌ๐Ÿ‡ง 2023 Veno
100%
Chapter 6 Season 1 Trio United Kingdom ๐Ÿ‡ฌ๐Ÿ‡ง 2025 Veno
100%
Chapter 1 Season X Trio Austria ๐Ÿ‡ฆ๐Ÿ‡น 2019 Aqua
86%
Chapter 3 Season 2 Duo Austria ๐Ÿ‡ฆ๐Ÿ‡น 2022 Aqua
86%
Chapter 5 Season 3 Duo Germany ๐Ÿ‡ฉ๐Ÿ‡ช 2024 Flickzy
86%
Chapter 6 Season 1 Trio Germany ๐Ÿ‡ฉ๐Ÿ‡ช 2025 Flickzy
86%
Chapter 6 Season 3 Trio Denmark ๐Ÿ‡ฉ๐Ÿ‡ฐ 2025 Fredoxie
86%
Chapter 5 Season 1 Duo Russia ๐Ÿ‡ท๐Ÿ‡บ 2024 Malibuca
86%
Chapter 6 Season 2 Trio Denmark ๐Ÿ‡ฉ๐Ÿ‡ฐ 2025 MariusCOW
86%
Chapter 4 Season 1 Duo Latvia ๐Ÿ‡ฑ๐Ÿ‡ป 2023 Merstach
86%
Chapter 5 Season 1 Duo Latvia ๐Ÿ‡ฑ๐Ÿ‡ป 2024 Merstach
86%
Chapter 2 Season 4 Trio Netherlands ๐Ÿ‡ณ๐Ÿ‡ฑ 2020 Mitr0
86%
Chapter 2 Season 4 Trio United Kingdom ๐Ÿ‡ฌ๐Ÿ‡ง 2020 Mongraal
86%
Chapter 6 Season 3 Trio Denmark ๐Ÿ‡ฉ๐Ÿ‡ฐ 2025 PabloWingu
86%
Chapter 6 Season 2 Trio Sweden ๐Ÿ‡ธ๐Ÿ‡ช 2025 Pixie
86%
Chapter 2 Season 6 Trio Serbia ๐Ÿ‡ท๐Ÿ‡ธ 2021 Queasy
86%
Chapter 3 Season 1 Duo Serbia ๐Ÿ‡ท๐Ÿ‡ธ 2022 Queasy
86%
Chapter 4 Season 2 Duo Serbia ๐Ÿ‡ท๐Ÿ‡ธ 2023 Queasy
86%
Chapter 7 Season 2 Duo Denmark ๐Ÿ‡ฉ๐Ÿ‡ฐ 2026 Scroll
86%
Chapter 7 Season 2 Duo Denmark ๐Ÿ‡ฉ๐Ÿ‡ฐ 2026 Sky
86%
Chapter 4 Season 3 Duo Russia ๐Ÿ‡ท๐Ÿ‡บ 2023 Swizzy
86%
Chapter 5 Season 2 Duo Russia ๐Ÿ‡ท๐Ÿ‡บ 2024 Swizzy
86%
Chapter 2 Season 3 Solo Slovenia ๐Ÿ‡ธ๐Ÿ‡ฎ 2020 TaySon
86%
Chapter 2 Season 4 Trio Slovenia ๐Ÿ‡ธ๐Ÿ‡ฎ 2020 TaySon
86%
Chapter 2 Season 7 All-Star Solo Solo Slovenia ๐Ÿ‡ธ๐Ÿ‡ฎ 2021 TaySon
86%
Chapter 2 Season 8 Grand Royale Trio Slovenia ๐Ÿ‡ธ๐Ÿ‡ฎ 2021 TaySon
86%
Chapter 4 Season 1 Duo Slovenia ๐Ÿ‡ธ๐Ÿ‡ฎ 2023 Tayson
86%
Chapter 6 Season 3 Trio Denmark ๐Ÿ‡ฉ๐Ÿ‡ฐ 2025 Tjino
86%
Chapter 5 Season 2 Duo Ukraine ๐Ÿ‡บ๐Ÿ‡ฆ 2024 Vanyak3kk
86%
Chapter 6 Season 2 Trio Ukraine ๐Ÿ‡บ๐Ÿ‡ฆ 2025 Vanyak3kk
86%
Chapter 5 Season 3 Duo Austria ๐Ÿ‡ฆ๐Ÿ‡น 2024 Vic0
86%
Chapter 6 Season 1 Trio Austria ๐Ÿ‡ฆ๐Ÿ‡น 2025 Vic0
86%
Chapter 2 Season 2 Duo France ๐Ÿ‡ซ๐Ÿ‡ท 2019 Andilex
71%
Chapter 2 Season 5 Trio Sweden ๐Ÿ‡ธ๐Ÿ‡ช 2021 Chapix
71%
Chapter 2 Season 8 Grand Royale Trio Sweden ๐Ÿ‡ธ๐Ÿ‡ช 2021 Chapix
71%
Chapter 2 Season 5 Trio United Kingdom ๐Ÿ‡ฌ๐Ÿ‡ง 2021 Hen
71%
Chapter 2 Season 8 Grand Royale Trio United Kingdom ๐Ÿ‡ฌ๐Ÿ‡ง 2021 Hen
71%
Chapter 3 Season 1 Duo United Kingdom ๐Ÿ‡ฌ๐Ÿ‡ง 2022 Hen
71%
Chapter 2 Season 2 Invitational Solo Germany ๐Ÿ‡ฉ๐Ÿ‡ช 2020 JannisZ
71%
Chapter 2 Season 5 Trio Germany ๐Ÿ‡ฉ๐Ÿ‡ช 2021 JannisZ
71%
Chapter 3 Season 3 Duo Germany ๐Ÿ‡ฉ๐Ÿ‡ช 2022 JannisZ
71%
Chapter 2 Season 8 Trio Poland ๐Ÿ‡ต๐Ÿ‡ฑ 2021 Kami
71%
Chapter 2 Season 8 Trio Poland ๐Ÿ‡ต๐Ÿ‡ฑ 2021 Setty
71%
Chapter 1 Season X Trio Austria ๐Ÿ‡ฆ๐Ÿ‡น 2019 Stompy
71%
Chapter 1 Season X Trio Austria ๐Ÿ‡ฆ๐Ÿ‡น 2019 Tschinken
71%
Chapter 3 Season 3 Duo Germany ๐Ÿ‡ฉ๐Ÿ‡ช 2022 Vadeal
71%
Chapter 2 Season 6 Trio Croatia ๐Ÿ‡ญ๐Ÿ‡ท 2021 Jur3ky
57%
Chapter 4 Season 3 Duo Russia ๐Ÿ‡ท๐Ÿ‡บ 2023 Putrick
57%
Chapter 2 Season 6 Trio Serbia ๐Ÿ‡ท๐Ÿ‡ธ 2021 TruleX
57%
Chapter 2 Season 1 Squad Lithuania ๐Ÿ‡ฑ๐Ÿ‡น 2019 RedRush
43%
Chapter 2 Season 7 Trio Ukraine ๐Ÿ‡บ๐Ÿ‡ฆ 2021 Stormyrite
43%
Chapter 2 Season 8 Trio Poland ๐Ÿ‡ต๐Ÿ‡ฑ 2021 Teeq
43%
Chapter 2 Season 1 Squad Sweden ๐Ÿ‡ธ๐Ÿ‡ช 2019 drobban
29%
Chapter 2 Season 7 Trio Russia ๐Ÿ‡ท๐Ÿ‡บ 2021 Kiryache
29%
Chapter 2 Season 7 Trio Russia ๐Ÿ‡ท๐Ÿ‡บ 2021 Toose
29%
Chapter 2 Season 1 Squad Sweden ๐Ÿ‡ธ๐Ÿ‡ช 2019 wakie
29%
Chapter 2 Season 1 Squad Sweden ๐Ÿ‡ธ๐Ÿ‡ช 2019 znappy
29%
Chapter 2 Season 2 Duo France ๐Ÿ‡ซ๐Ÿ‡ท 2019 nayte
14%
No matching quizzes found
Score Distribution
Percent of People with Each Score
Percentile by Number Answered
Your Score History
You have not taken this quiz